Score 0/20 Timer 04:00
0 Plays Today
% Correct
Jackob
83.5%
Jakota
72%
Jafar
71.7%
Javid
71.7%
Json
65.7%
Jvon
64.8%
Jaycub
63.9%
Jshawn
62.9%
Jquan
61.7%
Jaymz
61.4%
% Correct
Jathaniel
61.4%
Jdyn
60.4%
Jentry
58.9%
Janthony
56.4%
Jrake
55.8%
Joeziah
49.8%
Joeangel
48.3%
Jewelian
47.7%
Jalyric
42.7%
Jlyn
41.1%
Remove Ads.
Support Sporcle.
Get the best of Sporcle when you Go Orange. This ad-free experience offers more features, more stats, and more fun while also helping to support Sporcle. Thank you for becoming a member.

You're not logged in!

Compare scores with friends on all Sporcle quizzes.
OR
Log In

Show Comments

Extras

Top Quizzes Today


Score Distribution

Your Account Isn't Verified!

In order to create a playlist on Sporcle, you need to verify the email address you used during registration. Go to your Sporcle Settings to finish the process.

Report this User

Report this user for behavior that violates our Community Guidelines.

Details: